Force et matière, ou principes de l'ordre naturel mis a la portée de tous / (Record no. 37404)
[ view plain ]
| 000 -LEADER | |
|---|---|
| campo de control de longitud fija | 00603nam a2200181 i 4500 |
| 001 - NÚMERO DE CONTROL | |
| campo de control | 37404 |
| 003 - IDENTIFICADOR DE NÚMERO DE CONTROL | |
| campo de control | ES-MaACL |
| 005 - FECHA Y HORA DE LA ÚLTIMA TRANSACCIÓN | |
| campo de control | 20230906155552.0 |
| 007 - CAMPO FIJO DE DESCRIPCIÓN FÍSICA--INFORMACIÓN GENERAL | |
| campo de control de longitud fija | t| |
| 008 - DATOS DE LONGITUD FIJA--INFORMACIÓN GENERAL | |
| campo de control de longitud fija | 030221s1906 fr ||||1| fre d |
| 100 1# - ENTRADA PRINCIPAL--NOMBRE DE PERSONA | |
| Nombre de persona | Büchner, Ludwig. |
| 9 (RLIN) | 187738 |
| 245 10 - MENCIÓN DEL TÍTULO | |
| Título | Force et matière, ou principes de l'ordre naturel mis a la portée de tous / |
| Mención de responsabilidad, etc. | par Louis Büchner ; traduit... par Victor Dave. |
| 260 ## - PUBLICACIÓN, DISTRIBUCIÓN, ETC. | |
| Lugar de publicación, distribución, etc. | París : |
| Nombre del editor, distribuidor, etc. | Schleicher Fréres, |
| Fecha de publicación, distribución, etc. | 1906 ( |
| Lugar de fabricación/manufactura | Poissy : |
| Fabricante | Lejay Fils et Lemoro) |
| 300 ## - DESCRIPCIÓN FÍSICA | |
| Extensión | XIX, 327 p. ; |
| Dimensiones | 21 cm. |
| 700 1# - ENTRADA AGREGADA--NOMBRE PERSONAL | |
| Nombre de persona | Dave, Victor. |
| 9 (RLIN) | 42857 |
| 852 ## - LOCALIZACIÓN | |
| Ubicación | ES-MaACL |
| Número de control de estantería | F-9223 |
| Estatus retirado | Estado de pérdida | Estado de daño | No para préstamo | Biblioteca de origen | Biblioteca actual | Ubicación en estantería | Fecha de adquisición | Fuente de adquisición | Total de préstamos | Signatura topográfica completa | Código de barras | Visto por última vez | Precio de reemplazo | Tipo de ítem Koha |
|---|---|---|---|---|---|---|---|---|---|---|---|---|---|---|
| Biblioteca del Ateneo de Madrid | Biblioteca del Ateneo de Madrid | Sala Pecera Planta 2 | 17/01/2008 | F-9223 | 1039366 | 23/02/2023 | 23/02/2023 | Libro impreso |
